000 00564nam a2200181Ia 4500
999 _c28967
_d28967
003 OSt
005 20201120122709.0
008 190216s9999||||xx |||||||||||||| ||und||
020 _a9788182641372
040 _coclc
082 _a894.8123
_bDEE/A
100 _aDeepa, M V
_96816
245 0 _aAbhayarthikalude Lokam /
_cM V Deepa ; Rajesh V K ; Sreekanth P ; Sreeraj C R ....
260 _bMathrubhumi Printing & Publishing,
_aKozhikode:
_c2004.
300 _a62p
650 _aNovel
942 _cBK
_2ddc
_h894.8123
_iDEE/A
_k894.8123
_mDEE/A